| Tag |
First Indicator |
Second Indicator |
Subfields |
| LEADER |
00000cam a2200000 i 4500 |
| 001 |
in00004276521 |
| 008 |
190502s2020 enka b 001 0 eng d |
| 005 |
20250318215036.2 |
| 020 |
|
|
|a 9781474264211
|
| 020 |
|
|
|a 1474264212
|q hardcover
|
| 020 |
|
|
|a 9781474264204
|q paperback
|
| 020 |
|
|
|a 1474264204
|q paperback
|
| 020 |
|
|
|z 9781000185027
|q electronic book
|
| 020 |
|
|
|z 9781003084976
|q electronic book
|
| 020 |
|
|
|z 9781474264228
|q electronic book
|
| 035 |
|
|
|a (OCoLC)on1108707111
|
| 035 |
|
|
|a (OCoLC)1108707111
|
| 040 |
|
|
|a UKMGB
|b eng
|e rda
|c UKMGB
|d OCLCF
|d OCLCO
|d YDX
|d TOH
|
| 050 |
|
4 |
|a TR510
|b .C65 2020
|
| 082 |
0 |
4 |
|a 778.609
|2 23
|
| 245 |
0 |
0 |
|a Color and Victorian photography /
|c edited by Lindsay Smith.
|
| 264 |
|
1 |
|a London ;
|a New York :
|b Bloomsbury Visual Arts, Bloomsbury Publishing,
|c 2020.
|
| 300 |
|
|
|a xii, 200 pages :
|b color illustrations ;
|c 22 cm.
|
| 336 |
|
|
|a text
|b txt
|2 rdacontent
|
| 336 |
|
|
|a still image
|b sti
|2 rdacontent
|
| 337 |
|
|
|a unmediated
|b n
|2 rdamedia
|
| 338 |
|
|
|a volume
|b nc
|2 rdacarrier
|
| 490 |
0 |
|
|a Key texts in Victorian photography
|
| 504 |
|
|
|a Includes bibliographical references and index.
|
| 520 |
|
|
|a "Nineteenth-century photography is usually thought of in terms of 'black and white' images, but intense experimentation with generating and fixing colors pre-dated the public announcement of the daguerreotype in 1839. Introducing readers to the long, frequently overlooked story of the relationship of color to photography, this short anthology of primary sources includes: accounts of the scientific search for color by Elizabeth Fulhame and Sir John Herschel;photographers' views on color; extracts from the photographic press and from manuals on handcoloring; and accounts by critics such as John Ruskin. The volume provides a fresh perspective on the culture, history and theory of early photography, demonstrating why scientists, philosophers, photographers, literary writers and artists were so fascinated by the potential for polychrome in photographs. With an introductory essay arguing that from the earliest days of photography the prospect of color loomed large in the imagination of its creators, users and critics, this reader is an essential resource for students and scholars wanting to gain a full understanding of nineteenth-century photography and its relationship to art history, literature and culture." --Amazon.com.
|
| 650 |
|
0 |
|a Color photography
|x History
|y 19th century.
|
| 650 |
|
7 |
|a Color photography.
|2 fast
|0 (OCoLC)fst00868596
|
| 655 |
|
7 |
|a History.
|2 fast
|0 (OCoLC)fst01411628
|
| 700 |
1 |
|
|a Smith, Lindsay
|c (Professor of English),
|e editor.
|
| 852 |
8 |
|
|b pda,print
|z This title is available for the library to purchase for your use. Click the "Purchase It For Me" button to place a request. This item may take 5-10 business days to arrive.
|
| 955 |
|
|
|a Print PDA title
|
| 961 |
|
|
|m 565730
|
| 999 |
f |
f |
|s 0898522f-5a57-44b0-b9b0-1030e404ea68
|i 686e35e7-2c7d-3b84-9a21-870dd2cb61be
|t 0
|
| 952 |
f |
f |
|a Texas A&M University
|b College Station
|c Sterling C. Evans Library
|d Purchase on Demand
|t 0
|e TR510 .C65 2020
|h Library of Congress classification
|
| 998 |
f |
f |
|a TR510 .C65 2020
|t 0
|l Purchase on Demand
|